00341nam a2200121Ia 4500008004500000022001200045041000800057082001400065100001700079245008800096260002400184300001100208240112s1957 AUG xx 000 0 und d a54-6097 aeng a618.92705 aFISCHER C.C. aPEDIATRIC CLINICS OF NORTH NORTH AMERICA: SYMPOSIUM ON HANDICAPS & THEIR PREVENTION bSAUNDERS c1957 AUG a797,HB